000 00600nam a2200157Ia 4500
008 090711s9999 xx 000 0 und d
082 _b39138
100 _aपांढरीपांडे विजय म.
245 _aआकाश माझ्या मुठीत आहे
260 _c1978
600 _aपांढरीपांडे विजय म.
630 _aआकाश माझ्या मुठीत आहे
700 _aपांढरीपांडे विजय म.
730 _aआकाश माझ्या मुठीत आहे
942 _cBOOK
999 _c326697
_d326697